000
00299nam a22001217a 4500
003
SGT
082
_a
330
_b
E02S
100
_a
SHARMA, MAHESH CHANDRA
245
_a
ECONOMIC PHILOSOPHY OF DEENDYAL UPADHYAYA
260
_b
RESEARCH AND DEVELOPMENT FOUNDATION
_c
2002
300
_a
100
942
_2
ddc
_c
BK
999
_c
32045
_d
32045